|
|
|
|
| LEADER |
00983cas a2200217 a 4500 |
| 001 |
AALejournalOSO000325 |
| 008 |
230101c9999 xx r poo 0 0eng d |
| 022 |
|
|
|a 0035-8711
|
| 022 |
|
|
|a 1365-2966
|
| 040 |
|
|
|a BD-DhAAL
|c BD-DhAAL
|
| 245 |
0 |
0 |
|h [electronic resource]
|a Monthly Notices of the Royal Astronomical Society
|
| 260 |
|
|
|b The Royal Astronomical Society
|
| 300 |
|
|
|a 1 online resource
|
| 362 |
0 |
|
|a Vol. 278, no. 1
|
| 500 |
|
|
|a <strong>Off-Campus Access:</strong> Athens ID and Password Required
|
| 500 |
|
|
|a <strong>On-Campus Access:</strong> No User ID or Password Required
|
| 506 |
|
|
|a Electronic access restricted to authorized BRAC University faculty, staff and students
|
| 538 |
|
|
|a Mode of access: Internet
|
| 650 |
|
4 |
|a Astronomy and Astrophysics
|
| 856 |
4 |
0 |
|z Full text available on Oxford Academic
|u https://academic.oup.com/mnras/issue
|
| 856 |
4 |
0 |
|z Off-campus access
|u https://go.openathens.net/redirector/bracu.ac.bd?url=https%3A%2F%2Facademic.oup.com%2Fmnras%2Fissue
|